Reflexiones para una reforma profunda de la educación, desde un enfoque basado en la complejidad, la universalidad y la conciencia (Record no. 172734)
[ view plain ]
| 000 -CABECERA | |
|---|---|
| campo de control de longitud fija | 01060nab a2200241 a 4500 |
| 005 - FECHA Y HORA DE LA ÚLTIMA TRANSACCIÓN | |
| campo de control | 20210219162244.0 |
| 008 - ELEMENTOS DE LONGITUD FIJA--INFORMACIÓN GENERAL | |
| campo de control de longitud fija | 991125s1985 mx 000 0 spa u |
| 035 ## - NÚMERO DE CONTROL DEL SISTEMA | |
| Número de control de sistema | UPN01000200633 |
| 049 ## - COLECCIÓN | |
| Colección | ART |
| 100 1# - ASIENTO PRINCIPAL--NOMBRE PERSONAL | |
| Nombre de persona | Herrán Gascón, Agustín de la |
| 222 #0 - TÍTULO CLAVE | |
| Título clave | EDUCACION XXI |
| 245 00 - MENCIÓN DE TÍTULO | |
| Título | Reflexiones para una reforma profunda de la educación, desde un enfoque basado en la complejidad, la universalidad y la conciencia |
| 260 ## - PUBLICACIÓN, DISTRIBUCIÓN, ETC. | |
| Lugar de publicación, distribución, etc. | Madrid, España |
| 300 ## - DESCRIPCIÓN FÍSICA | |
| Extensión | 245-264 |
| 362 0# - FECHAS DE PUBLICACIÓN Y/O DESIGNACIÓN SECUENCIAL | |
| Fecha de publicación y/o designación secuencial | 2011 Vol. 14, no. 1 |
| 520 ## - NOTA DE RESUMEN, ETC. | |
| Sumario, etc. | Este artículo intenta expresar un sistema organizado de reflexiones con base en la complejidad, la universalidad y la conciencia, con la idea de servir de debate a la comunidad científica pedagógica para una reforma profunda de la educación |
| 653 0# - TERMINO DE INDIZACION - NO CONTROLADO | |
| Término no controlado | COMPLEJIDAD |
| 653 0# - TERMINO DE INDIZACION - NO CONTROLADO | |
| Término no controlado | UNIVERSALIDAD |
| 653 0# - TERMINO DE INDIZACION - NO CONTROLADO | |
| Término no controlado | CONCIENCIA |
| 856 4# - LOCALIZACIÓN Y ACCESO ELECTRÓNICOS | |
| Identificador Uniforme del Recurso | <a href="http://e-spacio.uned.es/fez/eserv.php?pid=bibliuned:EducacionXXI-2011-14-1-5120&dsID=Documento.pdf">http://e-spacio.uned.es/fez/eserv.php?pid=bibliuned:EducacionXXI-2011-14-1-5120&dsID=Documento.pdf</a> |
| 856 4# - LOCALIZACIÓN Y ACCESO ELECTRÓNICOS | |
| Identificador Uniforme del Recurso | <a href="http://www.redalyc.org/articulo.oa?id=70618224012">http://www.redalyc.org/articulo.oa?id=70618224012</a> |
| 905 ## - TIPO DE MATERIAL | |
| Tipo de material | Articulo |
No items available.
